Catálogo
 En Linea

Manual de educación sexual / (Registro nro. 45654)

Detalles MARC
000 -CABECERA
campo de control de longitud fija 01277nam a2200217 a 4500
001 - NÚMERO DE CONTROL
campo de control 000046165
005 - FECHA Y HORA DE LA ÚLTIMA TRANSACCIÓN
campo de control 20240318114638.0
008 - DATOS DE LONGITUD FIJA--INFORMACIÓN GENERAL
campo de control de longitud fija 150630s1985 dr a 000 0 spa d
040 ## - FUENTE DE LA CATALOGACIÓN
Centro catalogador/agencia de origen DO-SdBNP
Lengua de catalogación spa
Centro/agencia transcriptor BNPHU
082 ## - NÚMERO DE LA CLASIFICACIÓN DECIMAL DEWEY
Número de clasificación xxxx
Número de documento/Ítem xxxx
245 00 - MENCIÓN DE TÍTULO
Título Manual de educación sexual /
Mención de responsabilidad, etc. Sandra Best... [et. al.].
260 ## - PUBLICACIÓN, DISTRIBUCIÓN, ETC.
Lugar de publicación, distribución, etc. Santo Domingo :
Nombre del editor, distribuidor, etc. PROFAMILIA,
Fecha de publicación, distribución, etc. 1985.
300 ## - DESCRIPCIÓN FÍSICA
Extensión 114 p. :
Otras características físicas il. ;
Dimensiones 28 cm.
505 0# - NOTA DE CONTENIDO CON FORMATO
Nota de contenido con formato Recomendaciones sobre docencia en el uso del manual de educación sexual --
Título Medios de comunicación social y sexualidad --
-- Mitos y tabúes sobre la sexualidad humana --
-- Importancia de la educación sexual --
-- Anatomía y fisiología de los órganos sexuales --
-- Desarrollo psicosexual del adolescentes --
-- La identificación sexual del adolescente -
-- Las relaciones del adolescentes --
-- Enfermedades sexualmente transmisibles --
-- La prostitución --
-- Los métodos anticonceptivos --
-- El aborto --
-- Comportamiento sexual humano --
-- Roles del hombre y la mujer en la sociedad.
700 12 - PUNTO DE ACCESO ADICIONAL--NOMBRE DE PERSONA
Nombre de persona Best, Sandra
9 (RLIN) 56719
700 12 - PUNTO DE ACCESO ADICIONAL--NOMBRE DE PERSONA
Nombre de persona Álvarez, Rosa Rita
9 (RLIN) 74206
700 12 - PUNTO DE ACCESO ADICIONAL--NOMBRE DE PERSONA
Nombre de persona Mota Álvarez, Denis,
Fechas asociadas al nombre 1952-
9 (RLIN) 11007
700 12 - PUNTO DE ACCESO ADICIONAL--NOMBRE DE PERSONA
Nombre de persona Estrtrella García, Octavio
9 (RLIN) 74207
700 12 - PUNTO DE ACCESO ADICIONAL--NOMBRE DE PERSONA
Nombre de persona Cordero, Milton
9 (RLIN) 56720
710 2# - PUNTO DE ACCESO ADICIONAL--NOMBRE DE ENTIDAD CORPORATIVA
Nombre de entidad corporativa o nombre de jurisdicción como elemento de entrada Asociación Dominicana Pro Bienestar de la Familia
9 (RLIN) 56602
Existencias
Estado de retiro Estado de pérdida No para préstamo Código de colección Localización permanente Ubicación/localización actual Ubicación en estantería Fecha de adquisición Número de inventario Total de préstamos Signatura topográfica completa Código de barras Fecha visto por última vez Precio válido a partir de Tipo de ítem Koha Nota pública
    Excluido de préstamo Patrimonio Dominicano Patrimonio Dominicano Patrimonio Dominicano En catalogación 30.06.2015 LF1   xxxx xxxx 46165-10 25.06.2020 25.06.2020 Libro y Folleto Colección Patrimonio Dominicano Perteneció a la biblioteca personal de Chiqui Vicioso / Fidelio Despradel.

Con tecnología Koha